Los judíos de Zirndorf / (Record no. 86110)
[ view plain ]
| 000 -LEADER | |
|---|---|
| campo de control de longitud fija | 02281cam a2200337Ia 4500 |
| 001 - NÚMERO DE CONTROL | |
| campo de control | 46431 |
| 003 - IDENTIFICADOR DE NÚMERO DE CONTROL | |
| campo de control | BJBSDDR |
| 005 - FECHA Y HORA DE LA ÚLTIMA TRANSACCIÓN | |
| campo de control | 20260310190825.0 |
| 007 - CAMPO FIJO DE DESCRIPCIÓN FÍSICA--INFORMACIÓN GENERAL | |
| campo de control de longitud fija | ta |
| 008 - DATOS DE LONGITUD FIJA--INFORMACIÓN GENERAL | |
| campo de control de longitud fija | 010810s1943 ag 000 1 spa d |
| 035 ## - NÚMERO DE CONTROL DEL SISTEMA | |
| Número de control de sistema | (OCoLC)ocm47754910 |
| 035 ## - NÚMERO DE CONTROL DEL SISTEMA | |
| Número de control de sistema | (OCoLC)47754910 |
| 040 ## - FUENTE DE CATALOGACIÓN | |
| Centro catalogador/agencia de origen | FGM |
| Centro/agencia transcriptor | FGM |
| Centro/agencia modificador | DIBAM |
| Lengua de catalogación | spa |
| 041 1# - CÓDIGO DE IDIOMA | |
| Código de lengua del texto/banda sonora o título independiente | spa |
| Código de lengua original | ger |
| 049 ## - FONDOS LOCALES (OCLC) | |
| Biblioteca depositaria | GRAL |
| 050 14 - SIGNATURA TOPOGRÁFICA DE LA BIBLIOTECA DEL CONGRESO | |
| Número de clasificación | PT 2647 |
| Número de ítem | W322j 1943 |
| 100 1# - ENTRADA PRINCIPAL--NOMBRE DE PERSONA | |
| Nombre de persona | Wassermann, Jakob, |
| Fechas asociadas al nombre | 1873-1934 |
| 9 (RLIN) | 47452 |
| 240 10 - TÍTULO UNIFORME | |
| Título uniforme | Juden von Zirndorf. |
| Lenguaje de la obra | Español |
| 245 14 - MENCIÓN DEL TÍTULO | |
| Título | Los judíos de Zirndorf / |
| Mención de responsabilidad, etc. | Jakob Wassermann ; traducción de Juan del Solar. |
| 260 ## - PUBLICACIÓN, DISTRIBUCIÓN, ETC. | |
| Lugar de publicación, distribución, etc. | Buenos Aires : |
| Nombre del editor, distribuidor, etc. | Santiago Rueda Editor, |
| Fecha de publicación, distribución, etc. | c1943. |
| 300 ## - DESCRIPCIÓN FÍSICA | |
| Extensión | 338 páginas ; |
| Dimensiones | 19 cm. |
| 490 1# - MENCIÓN DE SERIE | |
| Mención de serie | Archivo José Gutiérrez Solana |
| 500 ## - NOTA GENERAL | |
| Nota general | Tít. Orig. : Juden von Zirndorf. |
| 520 ## - RESUMEN, ETC. | |
| Sumario, etc. | Escritor alemán. Hijo de un pequeño comerciante, comenzó como dependiente de una librería y trabajó luego como redactor de la revista Simplicissimus. A partir de 1893 consiguió dedicarse exclusivamente a escribir. Gozó de gran popularidad, en particular en la década de 1920 (T. Mann lo calificó de "estrella mundial de la novela"), pero desde 1933 sus libros fueron rechazados en Alemania por su condición de judío. Aunque vivió la mayor parte de su vida en Austria, primero en Viena y más tarde en Altaussee, sus novelas están situadas siempre en Alemania, y describen paisajes, gentes y destinos alemanes.En una época en que ya se comenzaba a hablar de la crisis del género, Wassermann fue un novelista clásico, y sus tramas siempre se construyeron sobre historias sólidas y palpitantes. Debido a las dificultades económicas infantiles y a su situación personal, que le hizo padecer muchas persecuciones, uno de sus temas principales fue siempre la justicia y la lucha contra "la incercia del corazón". De entre sus 44 novelas, recopilaciones de relatos y cinco obras teatrales hay que mencionar su inicial Los judíos de Zirndorf (1897), que relata los problemas mesiánicos de la comunidad judía de Zirndorf |
| 650 #4 - PUNTO DE ACCESO ADICIONAL DE MATERIA--TÉRMINO DE MATERIA | |
| Término de materia o nombre geográfico como elemento de entrada | Literatura alemana |
| 9 (RLIN) | 13482 |
| 650 #4 - PUNTO DE ACCESO ADICIONAL DE MATERIA--TÉRMINO DE MATERIA | |
| Término de materia o nombre geográfico como elemento de entrada | Novela alemana |
| 9 (RLIN) | 7583 |
| 700 1# - ENTRADA AGREGADA--NOMBRE PERSONAL | |
| Nombre de persona | Solar Bardelli, Juan José del, |
| Fechas asociadas al nombre | 1949-2014 |
| 9 (RLIN) | 28575 |
| Término indicativo de función/relación | traductor |
| 830 #0 - PUNTO DE ACCESO ADICIONAL DE SERIE-TÍTULO UNIFORME | |
| Título uniforme | Archivo José Gutiérrez Solana |
| 9 (RLIN) | 47453 |
| 942 ## - ELEMENTOS DE ENTRADA SECUNDARIOS (KOHA) | |
| Fuente del sistema de clasificación o colocación | Clasificación de Library of Congress |
| Tipo de ítem Koha | Libro |
| 946 ## - PROCESAMIENTO DE INFORMACIÓN LOCAL (OCLC) | |
| a | mjcruz |
| Estatus retirado | Estado de pérdida | Fuente del sistema de clasificación o colocación | Estado de daño | No para préstamo | Colección | Biblioteca de origen | Biblioteca actual | Ubicación en estantería | Fecha de adquisición | Signatura topográfica completa | Código de barras | Visto por última vez | Copia número | Tipo de ítem Koha |
|---|---|---|---|---|---|---|---|---|---|---|---|---|---|---|
| Clasificación de Library of Congress | Humanidades | Biblioteca Juan Bosch | Biblioteca Juan Bosch | Humanidades (4to. Piso) | 10/04/2023 | PT 2647 W322j 1943 | 00000047487 | 25/10/2018 | 1 | Libro |
